[Event "CN Equipas 2019 - 1. div"]
[Site "Évora POR"]
[Date "2019.07.15"]
[Round "1.1.1"]
[White "Henderson De La Fuente, Lance"]
[Black "Suarez Gomez, Julio"]
[Result "1-0"]
[WhiteElo "2471"]
[BlackElo "2429"]
[WhiteFideId "32096585"]
[BlackFideId "22275991"]
[WhiteTeam "Ex Porto 'A'"]
[BlackTeam "O Amanhã da Criança"]
[WhiteTitle "IM"]
[BlackTitle "IM"]
[PlyCount "99"]
[EventDate "2019.??.??"]

1. e4 c6 2. d4 d5 3. e5 c5 4. dxc5 e6 5. a3 Bxc5 6. b4 Bb6 7. Nf3 Ne7 8. Bd3
Nbc6 9. O-O Ng6 10. Bb2 Nf4 11. Re1 Nxd3 12. Qxd3 O-O 13. Nbd2 Bc7 14. Rad1 Bd7
15. c4 Ne7 16. Ng5 Ng6 17. Ndf3 h6 18. Nh3 Qe7 19. cxd5 exd5 20. e6 Bxe6 21. Nd4
Ne5 22. Qc3 Rac8 23. Nxe6 fxe6 24. Rxe5 Bxe5 25. Qxe5 Qf6 26. Nf4 Qxe5 27. Bxe5
Rc4 28. g3 Rfc8 29. Kg2 Re4 30. Nd3 b6 31. Rd2 g5 32. f3 Rec4 33. Kf2 a5 34. b5
d4 35. f4 gxf4 36. gxf4 Kf7 37. Nb2 Rc2 38. Ke2 Kg6 39. Na4 Kf5 40. Nxb6 R8c3
41. Rxc2 Rxc2+ 42. Kd3 Rxh2 43. Nc4 Rh3+ 44. Kxd4 Rb3 45. b6 h5 46. b7 h4 47.
Ne3+ Kg6 48. b8=Q Rxb8 49. Bxb8 h3 50. Nf1 1-0

[Event "CN Equipas 2019 - 1. div"]
[Site "Évora POR"]
[Date "2019.07.15"]
[Round "1.1.2"]
[White "Medarde Santiago, Luis Marcos"]
[Black "Veiga, Francisco"]
[Result "1-0"]
[WhiteElo "2359"]
[BlackElo "2357"]
[WhiteFideId "2263076"]
[BlackFideId "1930087"]
[WhiteTeam "O Amanhã da Criança"]
[BlackTeam "Ex Porto 'A'"]
[WhiteTitle "FM"]
[BlackTitle "FM"]
[PlyCount "95"]
[EventDate "2019.??.??"]

1. d4 Nf6 2. c4 c5 3. Nf3 e6 4. g3 cxd4 5. Nxd4 a6 6. Bg2 Qc7 7. b3 Nc6 8. O-O
Be7 9. Nc3 d6 10. Bb2 Bd7 11. Rc1 Nxd4 12. Qxd4 O-O 13. Rfd1 Rfd8 14. a4 Bf8 15.
h3 Rac8 16. Qa7 Rb8 17. Nb5 axb5 18. cxb5 Ra8 19. Rxc7 Rxa7 20. Bd4 Raa8 21.
Bxb7 Rab8 22. Ba7 d5 23. Bxb8 Rxb8 24. Bc6 Bd6 25. Rxd7 Nxd7 26. Bxd7 Kf8 27. a5
Bb4 28. a6 Bc5 29. Rc1 Ba7 30. Rc7 Bb6 31. Rc6 Ba7 32. Kg2 Bd4 33. Rc2 Ke7 34.
Bc6 Rc8 35. Ra2 Rc7 36. Bb7 Kd6 37. b4 Ba7 38. b6 Bxb6 39. a7 Bxa7 40. Rxa7 Re7
41. Ra6+ Ke5 42. Bc6 Kd4 43. Ra1 Rc7 44. Rd1+ Kc4 45. Bxd5+ Kxb4 46. Rb1+ Ka5
47. Rb7 Rc8 48. Bxe6 1-0

[Event "CN Equipas 2019 - 1. div"]
[Site "Évora POR"]
[Date "2019.07.15"]
[Round "1.1.3"]
[White "Silva, Miguel"]
[Black "Pazos Porta, Antonio"]
[Result "1/2-1/2"]
[WhiteElo "2250"]
[BlackElo "2340"]
[WhiteFideId "1911929"]
[BlackFideId "2263190"]
[WhiteTeam "Ex Porto 'A'"]
[BlackTeam "O Amanhã da Criança"]
[WhiteTitle "NM"]
[BlackTitle "FM"]
[PlyCount "77"]
[EventDate "2019.??.??"]

1. d4 Nf6 2. c4 g6 3. g3 Bg7 4. Bg2 O-O 5. Nc3 d6 6. Nf3 Nc6 7. O-O a6 8. b3 Rb8
9. d5 Na5 10. Bg5 c5 11. dxc6 bxc6 12. c5 h6 13. Bd2 d5 14. Bf4 Rb4 15. Qd2 Nb7
16. Na4 Rxa4 17. bxa4 Ne4 18. Qe3 Bxa1 19. Rxa1 g5 20. Be5 f6 21. Bb2 e5 22. Ne1
Bf5 23. f4 Qe7 24. Nd3 d4 25. Qc1 Re8 26. fxe5 fxe5 27. Qc4+ Kh7 28. Rf1 Nd2 29.
Qxa6 Nxf1 30. Bxf1 Nxc5 31. Qxc6 Rc8 32. Qf3 Rf8 33. Nxc5 e4 34. Qa3 d3 35. Nb3
Qxa3 36. Bxa3 Ra8 37. exd3 exd3 38. a5 d2 39. Nxd2 1/2-1/2

[Event "CN Equipas 2019 - 1. div"]
[Site "Évora POR"]
[Date "2019.07.15"]
[Round "1.1.4"]
[White "Espineira, Diego"]
[Black "Paiva, Henrique"]
[Result "1/2-1/2"]
[WhiteElo "2361"]
[BlackElo "2122"]
[WhiteFideId "2229498"]
[BlackFideId "1920995"]
[WhiteTeam "O Amanhã da Criança"]
[BlackTeam "Ex Porto 'A'"]
[WhiteTitle "IM"]
[BlackTitle "NM"]
[PlyCount "106"]

1. d4 d5 2. c4 c6 3. Nc3 Nf6 4. Nf3 e6 5. cxd5 exd5 6. Bg5 Be7 7. e3 O-O 8. Qc2
Ne4 9. Nxe4 dxe4 10. Bxe7 Qxe7 11. Nd2 Bf5 12. Be2 Nd7 13. O-O Nf6 14. a3 Rac8
15. Rac1 Rfe8 16. Qc5 Nd5 17. Qxe7 Rxe7 18. Nc4 Bg6 19. b4 Rd8 20. Na5 f5 21.
Bc4 Bf7 22. Rc2 a6 23. Rfc1 Rd6 24. Bb3 Rf6 25. Bxd5 Bxd5 26. Nc4 Bxc4 27. Rxc4
Rd6 28. Rc5 Rd5 29. Rxd5 cxd5 30. Rc5 Rd7 31. h4 Kf7 32. Kh2 h6 33. Kg3 Kf6 34.
Rc8 g5 35. Rf8+ Kg6 36. h5+ Kxh5 37. Rxf5 Kg6 38. Re5 Rd6 39. Re7 b5 40. Rc7 Kf5
41. f3 exf3 42. gxf3 h5 43. Rc8 h4+ 44. Kg2 Re6 45. Kf2 Rd6 46. Rc5 g4 47. Rc8
g3+ 48. Kg2 Re6 49. Rc3 Kg5 50. Kh3 Rf6 51. Kg2 Re6 52. Kh3 Rf6 53. Kg2 Re6
1/2-1/2

[Event "CN Equipas 2019 - 1. div"]
[Site "Évora POR"]
[Date "2019.07.15"]
[Round "1.2.1"]
[White "Fier, Alexandr"]
[Black "Trigo Urquijo, Sergio"]
[Result "1-0"]
[WhiteElo "2547"]
[BlackElo "2382"]
[WhiteFideId "2107139"]
[BlackFideId "2262436"]
[WhiteTeam "Ax Portugal/Atlantidiagonal 'A'"]
[BlackTeam "Gx Porto 'A'"]
[WhiteTitle "GM"]
[BlackTitle "FM"]
[PlyCount "41"]

1. c4 e6 2. Nf3 Nf6 3. g3 d5 4. Bg2 c5 5. O-O Nc6 6. b3 Be7 7. Bb2 O-O 8. e3 b6
9. Nc3 Bb7 10. cxd5 Nxd5 11. Nxd5 Qxd5 12. d4 Rad8 13. Ne5 Qd6 14. dxc5 Qxc5 15.
Nd7 Qg5 16. h4 Qh6 17. Rc1 Nb8 18. Nxf8 Bxg2 19. Kxg2 Rxd1 20. Rfxd1 Bxf8 21.
Rc8 1-0

[Event "CN Equipas 2019 - 1. div"]
[Site "Évora POR"]
[Date "2019.07.15"]
[Round "1.2.2"]
[White "Prithu Gupta"]
[Black "Ibarra Jerez, José Carlos"]
[Result "1-0"]
[WhiteElo "2470"]
[BlackElo "2547"]
[WhiteFideId "46618546"]
[BlackFideId "2226332"]
[WhiteTeam "Gx Porto 'A'"]
[BlackTeam "Ax Portugal/Atlantidiagonal 'A'"]
[WhiteTitle "IM"]
[BlackTitle "GM"]
[PlyCount "113"]

1. c4 e5 2. Nc3 Nc6 3. Nf3 f5 4. g3 Nf6 5. d4 e4 6. Nh4 Bb4 7. Nxf5 d5 8. Ne3
dxc4 9. d5 Bxc3+ 10. bxc3 Ne7 11. Qa4+ Kf7 12. Qxc4 Nexd5 13. Nxd5 Qxd5 14.
Qxd5+ Nxd5 15. c4 Nf6 16. c5 Rd8 17. Bg2 Rd4 18. Be3 Ra4 19. O-O Be6 20. a3 Nd5
21. Bd2 b5 22. c6 Rb8 23. Rfc1 Rb6 24. Kf1 Ke7 25. Rab1 Kd6 26. Rd1 Ke5 27. Bc1
Kd6 28. Be3 Kxc6 29. Bd4 Nf6 30. Bxb6 Kxb6 31. Rd8 a6 32. Ra1 c6 33. Rdd1 a5 34.
Ke1 Bb3 35. Rdb1 Bd5 36. Bh3 c5 37. e3 c4 38. Kd2 Kc5 39. Bc8 Bc6 40. Kc2 h6 41.
Be6 Kd6 42. Bc8 Kc5 43. Rd1 Nd5 44. Be6 Nc7 45. Bg8 b4 46. Rd4 b3+ 47. Kb2 Ne8
48. Rc1 Nd6 49. Rxd6 Kxd6 50. Bxc4 Rxc4 51. Rxc4 a4 52. Kc3 Kd5 53. Rb4 h5 54.
Rb8 Ke5 55. Rc8 Bd5 56. Rc5 h4 57. Ra5 1-0

[Event "CN Equipas 2019 - 1. div"]
[Site "Évora POR"]
[Date "2019.07.15"]
[Round "1.2.3"]
[White "Spraggett, Kevin"]
[Black "Lombaers, Peter"]
[Result "1/2-1/2"]
[WhiteElo "2511"]
[BlackElo "2361"]
[WhiteFideId "2600013"]
[BlackFideId "1032852"]
[WhiteTeam "Ax Portugal/Atlantidiagonal 'A'"]
[BlackTeam "Gx Porto 'A'"]
[WhiteTitle "GM"]
[BlackTitle "FM"]
[PlyCount "88"]

1. e4 c5 2. Nf3 e6 3. d4 cxd4 4. Nxd4 Nc6 5. Nb5 d6 6. c4 Nf6 7. N5c3 Be7 8. Be2
O-O 9. O-O b6 10. Bf4 Bb7 11. Nd2 d5 12. cxd5 exd5 13. e5 Ne4 14. Nf3 Nxc3 15.
bxc3 Re8 16. Bd3 g6 17. Re1 Bf8 18. Ng5 Nxe5 19. Rxe5 Rxe5 20. Nxf7 Qf6 21. Bxe5
Qxf7 22. Bd4 Bc5 23. Qd2 Re8 24. Qb2 Bc8 25. Bf1 Bf5 26. Bxc5 bxc5 27. Qb5 Qe7
28. Rd1 Rd8 29. h3 Kh8 30. Qa5 d4 31. cxd4 cxd4 32. Re1 Qf6 33. Qxa7 d3 34. Qe3
Qd4 35. Qd2 Be4 36. Kh1 Bf5 37. Re7 Qf6 38. Rc7 g5 39. a4 Bg6 40. a5 Qf4 41.
Qc3+ Qd4 42. Qd2 Qf4 43. Qc3+ Qd4 44. Qd2 Qf4 1/2-1/2

[Event "CN Equipas 2019 - 1. div"]
[Site "Évora POR"]
[Date "2019.07.15"]
[Round "1.2.4"]
[White "Marchena Hurtado, Javier"]
[Black "Fernandes, António"]
[Result "0-1"]
[WhiteElo "2352"]
[BlackElo "2376"]
[WhiteFideId "2271583"]
[BlackFideId "1900021"]
[WhiteTeam "Gx Porto 'A'"]
[BlackTeam "Ax Portugal/Atlantidiagonal 'A'"]
[WhiteTitle "FM"]
[BlackTitle "GM"]
[PlyCount "98"]

1. e4 c5 2. Nf3 e6 3. d4 cxd4 4. Nxd4 Nf6 5. Nc3 d6 6. Be3 a6 7. Qd2 Be7 8. f3
Qc7 9. g4 Nc6 10. O-O-O b5 11. Nxc6 Qxc6 12. Ne2 Bb7 13. Nd4 Qc7 14. Kb1 Nd7 15.
Be2 Rc8 16. g5 Nb6 17. h4 g6 18. h5 Rg8 19. Bd3 Nc4 20. Bxc4 Qxc4 21. hxg6 hxg6
22. Rh2 d5 23. Nb3 Rd8 24. Na5 Qc7 25. Nxb7 Qxb7 26. Qg2 dxe4 27. Rxd8+ Bxd8 28.
fxe4 Bc7 29. Rh1 Be5 30. a3 Qc6 31. Qf3 Rh8 32. Rxh8+ Bxh8 33. Qf4 e5 34. Qh4
Bg7 35. Qh7 Qxe4 36. Qg8+ Bf8 37. Ba7 Qf4 38. b3 Qxg5 39. Qh8 Qe7 40. Bb6 Qd6
41. Ba5 Kd7 42. b4 Ke6 43. Qh3+ Kf6 44. Qh8+ Kg5 45. Qg8 f5 46. Qf7 Be7 47. Qe8
e4 48. Qc8 Bf6 49. Qc5 Qd1+ 0-1

[Event "CN Equipas 2019 - 1. div"]
[Site "Évora POR"]
[Date "2019.07.15"]
[Round "1.3.1"]
[White "Oparin, Grigoriy"]
[Black "Espinosa Aranda, Angel"]
[Result "1/2-1/2"]
[WhiteElo "2660"]
[BlackElo "2488"]
[WhiteFideId "24125890"]
[BlackFideId "2278189"]
[WhiteTeam "A.XAT-Montemor-o-Novo"]
[BlackTeam "Amadora Xadrez 'A'"]
[WhiteTitle "GM"]
[BlackTitle "IM"]
[PlyCount "91"]

1. g3 g6 2. Bg2 Bg7 3. d4 d5 4. Nf3 Nf6 5. O-O O-O 6. c4 dxc4 7. Na3 Nc6 8. Nxc4
Be6 9. b3 Bd5 10. Bb2 a5 11. Rc1 a4 12. Ne3 Be4 13. bxa4 Nd5 14. Nc4 Nb6 15.
Nxb6 cxb6 16. e3 Qd5 17. Qb3 Qa5 18. Ne1 Bxg2 19. Kxg2 Qxa4 20. Qxa4 Rxa4 21. a3
e6 22. Rc3 Rfa8 23. Nd3 Bf8 24. Rb3 R8a6 25. Rb1 Bxa3 26. Bc3 Bf8 27. d5 exd5
28. Nf4 d4 29. exd4 Nxd4 30. Rxb6 Rxb6 31. Rxb6 Bg7 32. Rxb7 Ra8 33. Nd5 Ne6 34.
Nf6+ Bxf6 35. Bxf6 h6 36. h4 Nf8 37. g4 Ne6 38. Kg3 Ng7 39. f3 Re8 40. Bb2 Rc8
41. Bd4 Re8 42. Bf6 Rc8 43. Bb2 Ne6 44. Be5 Re8 45. Ra7 Nf8 46. Bf6 1/2-1/2

[Event "CN Equipas 2019 - 1. div"]
[Site "Évora POR"]
[Date "2019.07.15"]
[Round "1.3.2"]
[White "Alshameary Puente, Ismael"]
[Black "Perez Candelario, Manuel"]
[Result "1-0"]
[WhiteElo "2442"]
[BlackElo "2628"]
[WhiteFideId "2225166"]
[BlackFideId "2210622"]
[WhiteTeam "Amadora Xadrez 'A'"]
[BlackTeam "A.XAT-Montemor-o-Novo"]
[WhiteTitle "FM"]
[BlackTitle "GM"]
[PlyCount "101"]

1. d4 f5 2. c4 Nf6 3. Nc3 d6 4. Bg5 Nbd7 5. Qc2 g6 6. e3 Bg7 7. O-O-O c6 8. f3
Qa5 9. Bd3 Nf8 10. Kb1 Bd7 11. Nge2 a6 12. Nc1 Ne6 13. h4 b5 14. Nb3 Qb6 15. g4
bxc4 16. Bxc4 fxg4 17. Bxf6 exf6 18. d5 cxd5 19. Nxd5 Qd8 20. fxg4 Rc8 21. h5
Ng5 22. h6 Bf8 23. Rhf1 Be7 24. Qe2 a5 25. Rf4 Rf8 26. Nd4 Rc5 27. Nb3 Rc8 28.
Nd4 Rc5 29. Rdf1 a4 30. Nf3 Ne6 31. Re4 f5 32. gxf5 Rxf5 33. Nd4 Nxd4 34. Rxd4
Bf6 35. Rdf4 Be5 36. Rxf5 Bxf5+ 37. e4 Bh3 38. Bb5+ Rxb5 39. Qxb5+ Bd7 40. Qb7
Bd4 41. Nc7+ Ke7 42. Nd5+ Ke8 43. Nc7+ Ke7 44. Qd5 Bf6 45. Qc4 Kf8 46. Nd5 Be6
47. Qd4 Bxd5 48. Rxf6+ Bf7 49. Rxd6 Qc7 50. Rd7 Qf4 51. Qh8+ 1-0

[Event "CN Equipas 2019 - 1. div"]
[Site "Évora POR"]
[Date "2019.07.15"]
[Round "1.3.3"]
[White "Santos Latasa, Jaime"]
[Black "Asis Gargatagli, Hipolito"]
[Result "0-1"]
[WhiteElo "2594"]
[BlackElo "2506"]
[WhiteFideId "2293307"]
[BlackFideId "2260735"]
[WhiteTeam "A.XAT-Montemor-o-Novo"]
[BlackTeam "Amadora Xadrez 'A'"]
[WhiteTitle "GM"]
[BlackTitle "GM"]
[PlyCount "128"]
[EventDate "2019.??.??"]

1. e4 e5 2. Nf3 Nc6 3. Bb5 g6 4. d4 exd4 5. Bg5 Be7 6. Bxe7 Qxe7 7. Bxc6 dxc6 8.
Qxd4 Nf6 9. Nc3 Bg4 10. Nd2 c5 11. Qe3 O-O-O 12. f3 Be6 13. O-O-O b6 14. Rhe1
Rhe8 15. Nf1 Nd7 16. Qf4 f6 17. Nd5 Bxd5 18. Rxd5 Ne5 19. Red1 Rxd5 20. Rxd5 Nc4
21. Nd2 Nd6 22. Nb1 f5 23. exf5 Nxf5 24. Rd1 Qh4 25. Qg4 Qxg4 26. fxg4 Nh4 27.
g3 Nf3 28. h4 Re3 29. Nc3 Ne5 30. g5 Rxg3 31. Rh1 Rg4 32. Rh3 Nc4 33. Nd1 Rg1
34. b3 Nd6 35. Rf3 Nf5 36. h5 Rxg5 37. hxg6 hxg6 38. Nf2 Rg1+ 39. Kd2 Rf1 40.
Rf4 Nd4 41. c3 Nf5 42. a4 a5 43. Kd3 Kb7 44. Kd2 Nd6 45. Kd3 g5 46. Rf6 Rg1 47.
Rg6 Rg3+ 48. Kd2 c4 49. bxc4 Nxc4+ 50. Ke2 Re3+ 51. Kd1 Rxc3 52. Rxg5 Nb2+ 53.
Kd2 Nxa4 54. Ne4 Rc4 55. Kd3 Nb2+ 56. Ke3 a4 57. Rg7 Rc6 58. Rg1 Nc4+ 59. Kd4
Nd6 60. Nc3 b5 61. Rb1 Ka6 62. Nd5 Ka5 63. Kd3 Rc4 64. Nc3 b4 0-1

[Event "CN Equipas 2019 - 1. div"]
[Site "Évora POR"]
[Date "2019.07.15"]
[Round "1.3.4"]
[White "Eggert, Alberto"]
[Black "Forcén Estebán, Daniel"]
[Result "0-1"]
[WhiteElo "2131"]
[BlackElo "2566"]
[WhiteFideId "4139500"]
[BlackFideId "2288230"]
[WhiteTeam "Amadora Xadrez 'A'"]
[BlackTeam "A.XAT-Montemor-o-Novo"]
[BlackTitle "GM"]
[PlyCount "84"]

1. e4 Nf6 2. e5 Nd5 3. d4 d6 4. Nf3 Bg4 5. Be2 e6 6. O-O Bxf3 7. Bxf3 dxe5 8.
dxe5 c6 9. Qe2 Nd7 10. c4 Ne7 11. b3 Ng6 12. Bb2 Qg5 13. Re1 Bb4 14. Qe3 Qxe3
15. Rxe3 Ba5 16. Bh5 Nf4 17. Bxf7+ Kxf7 18. Rf3 g5 19. g3 Rhd8 20. gxf4 g4 21.
Re3 Nc5 22. Na3 Nd3 23. Rb1 Bb6 24. Re2 Nxf4 25. Re4 Nh3+ 26. Kg2 h5 27. c5 Bxc5
28. Nc4 Kg6 29. f4 Kf5 30. Rbe1 Nxf4+ 31. Rxf4+ Kxf4 32. Bc1+ Kf5 33. Rf1+ Ke4
34. Rf4+ Kd5 35. b4 Bd4 36. Na5 Rf8 37. Rxd4+ Kxd4 38. Bb2+ Ke3 39. Bc1+ Ke2 40.
Bh6 Rf2+ 41. Kg3 Rf3+ 42. Kg2 h4 0-1

[Event "CN Equipas 2019 - 1. div"]
[Site "Évora POR"]
[Date "2019.07.15"]
[Round "1.4.1"]
[White "Ferreira, Jorge"]
[Black "Brodowski, Piotr"]
[Result "1-0"]
[WhiteElo "2524"]
[BlackElo "2437"]
[WhiteFideId "1910850"]
[BlackFideId "1124480"]
[WhiteTeam "Gd Dias Ferreira 'A'"]
[BlackTeam "Aa Coimbra 'A'"]
[WhiteTitle "GM"]
[BlackTitle "IM"]
[PlyCount "49"]

1. d4 Nf6 2. Nf3 e6 3. c4 c5 4. g3 cxd4 5. Nxd4 Nc6 6. Bg2 Bb4+ 7. Bd2 Be7 8.
Nc2 d5 9. cxd5 exd5 10. O-O Bf5 11. Nc3 d4 12. Nb5 d3 13. Ne1 Qb6 14. a4 a6 15.
Be3 Qd8 16. Nc3 dxe2 17. Qxe2 O-O 18. Rd1 Qa5 19. Nd5 Bd8 20. Nxf6+ Bxf6 21. Rd5
Rfe8 22. Rxa5 Nxa5 23. b4 Nc6 24. Bxc6 bxc6 25. Nf3 1-0

[Event "CN Equipas 2019 - 1. div"]
[Site "Évora POR"]
[Date "2019.07.15"]
[Round "1.4.2"]
[White "Butkiewicz, Lukasz"]
[Black "Gukesh D"]
[Result "1/2-1/2"]
[WhiteElo "2425"]
[BlackElo "2520"]
[WhiteFideId "1122428"]
[BlackFideId "46616543"]
[WhiteTeam "Aa Coimbra 'A'"]
[BlackTeam "Gd Dias Ferreira 'A'"]
[WhiteTitle "IM"]
[BlackTitle "GM"]
[PlyCount "44"]

1. e4 c5 2. Nf3 Nc6 3. d4 cxd4 4. Nxd4 e6 5. Nc3 a6 6. g3 d6 7. Bg2 Bd7 8. O-O
Nf6 9. Re1 Be7 10. Nxc6 Bxc6 11. a4 O-O 12. Be3 Rc8 13. a5 Nd7 14. Na4 f5 15.
Nb6 Nxb6 16. Bxb6 Qd7 17. exf5 Bxg2 18. Kxg2 Rxf5 19. c3 Bd8 20. Bxd8 Rxd8 21.
Kg1 Rdf8 22. Re2 Qf7 1/2-1/2

[Event "CN Equipas 2019 - 1. div"]
[Site "Évora POR"]
[Date "2019.07.15"]
[Round "1.4.3"]
[White "Martinez, Lelys"]
[Black "Luch, Michal"]
[Result "1-0"]
[WhiteElo "2535"]
[BlackElo "2380"]
[WhiteFideId "3504727"]
[BlackFideId "1120042"]
[WhiteTeam "Gd Dias Ferreira 'A'"]
[BlackTeam "Aa Coimbra 'A'"]
[WhiteTitle "GM"]
[BlackTitle "IM"]
[PlyCount "117"]

1. e4 c5 2. Nc3 a6 3. g3 b5 4. Bg2 Bb7 5. d3 e6 6. Nh3 Nf6 7. O-O b4 8. Nb1 d5
9. Nd2 Be7 10. exd5 Bxd5 11. Ne4 O-O 12. Nf4 Bc6 13. Qe2 Nxe4 14. Bxe4 Bxe4 15.
Qxe4 Nd7 16. a3 Nf6 17. Qc4 Qb6 18. Be3 Qb5 19. axb4 cxb4 20. Qc7 Nd7 21. Qa5
Rfc8 22. Rfc1 Ne5 23. Qxb5 axb5 24. Rxa8 Rxa8 25. Ne2 Nc6 26. b3 Bf6 27. Bc5 Ra2
28. d4 g5 29. f3 Ra8 30. Kf2 Rd8 31. Ke3 e5 32. dxe5 Bxe5 33. Kf2 Bb2 34. Rb1
Bf6 35. Be3 Ne7 36. g4 Rc8 37. Rc1 Bb2 38. Rd1 f6 39. Rd2 Kf7 40. Bd4 Rd8 41.
Ke1 Bxd4 42. Rxd4 Nd5 43. Rd3 Ke6 44. Nd4+ Kd6 45. Nxb5+ Kc6 46. Nd4+ Kb6 47.
Ne6 Rd6 48. Kd2 Kc6 49. Nd4+ Kc5 50. Nf5 Re6 51. Ne3 Nc3 52. Rd8 Nb5 53. Rc8+
Rc6 54. Rxc6+ Kxc6 55. Kd3 Kc5 56. Nf1 Nc3 57. Nd2 Nd5 58. Ne4+ Kb5 59. c4+ 1-0

[Event "CN Equipas 2019 - 1. div"]
[Site "Évora POR"]
[Date "2019.07.15"]
[Round "1.4.4"]
[White "Diogo, Vasco"]
[Black "Antal, Tibor Kende"]
[Result "0-1"]
[WhiteElo "2204"]
[BlackElo "2417"]
[WhiteFideId "1902628"]
[BlackFideId "738581"]
[WhiteTeam "Aa Coimbra 'A'"]
[BlackTeam "Gd Dias Ferreira 'A'"]
[WhiteTitle "FM"]
[BlackTitle "FM"]
[PlyCount "74"]

1. e4 c5 2. Nf3 d6 3. d4 cxd4 4. Nxd4 Nf6 5. Nc3 a6 6. Bg5 Nbd7 7. f4 Qc7 8. Qd2
b5 9. Be2 Bb7 10. Bf3 e6 11. a3 Be7 12. O-O-O O-O 13. Rhe1 h6 14. Bxf6 Bxf6 15.
e5 Nxe5 16. fxe5 Bg5 17. Re3 dxe5 18. Nb3 Rad8 19. Qe2 e4 20. Bxe4 Bxe4 21. Nxe4
Bxe3+ 22. Qxe3 Rxd1+ 23. Kxd1 Rd8+ 24. Ned2 Qxh2 25. Qf2 Qh1+ 26. Ke2 Rd5 27. c3
Rg5 28. g3 h5 29. Nf3 Rd5 30. Qg1 Qh3 31. Nbd4 Qg4 32. Kf2 e5 33. Ne2 Qf5 34.
Kg2 Qc2 35. Qe3 Qxb2 36. Nxe5 Qd2 37. Qe4 f5 0-1

[Event "CN Equipas 2019 - 1. div"]
[Site "Évora POR"]
[Date "2019.07.15"]
[Round "1.5.1"]
[White "Galego, Luís"]
[Black "Kadric, Denis"]
[Result "1/2-1/2"]
[WhiteElo "2513"]
[BlackElo "2562"]
[WhiteFideId "1900072"]
[BlackFideId "14403803"]
[WhiteTeam "Assembleia Figueirense"]
[BlackTeam "Ax Gaia 'A'"]
[WhiteTitle "GM"]
[BlackTitle "GM"]
[PlyCount "58"]

1. e4 d6 2. d4 Nf6 3. Nc3 e5 4. dxe5 dxe5 5. Qxd8+ Kxd8 6. Be3 Be6 7. Nf3 Ng4 8.
Be2 f6 9. Bd2 Nh6 10. Bxh6 gxh6 11. Nd5 Nd7 12. O-O-O Bxd5 13. Rxd5 c6 14. Rd2
h5 15. Rdd1 Kc7 16. Bc4 Nc5 17. Rhe1 Bh6+ 18. Kb1 Rad8 19. Rxd8 Rxd8 20. a3 Rd7
21. g3 b5 22. Bg8 a5 23. Nh4 Bd2 24. Re2 Bg5 25. Nf5 Rd1+ 26. Ka2 Bc1 27. Bb3
Rd7 28. Re1 Bd2 29. Re2 Bc1 1/2-1/2

[Event "CN Equipas 2019 - 1. div"]
[Site "Évora POR"]
[Date "2019.07.15"]
[Round "1.5.2"]
[White "Yankelevich, Lev"]
[Black "Del Rio Angelis, Salvador"]
[Result "1/2-1/2"]
[WhiteElo "2481"]
[BlackElo "2464"]
[WhiteFideId "24684074"]
[BlackFideId "2203138"]
[WhiteTeam "Ax Gaia 'A'"]
[BlackTeam "Assembleia Figueirense"]
[WhiteTitle "IM"]
[BlackTitle "GM"]
[PlyCount "132"]

1. d4 e6 2. c4 f5 3. g3 Nf6 4. Bg2 Be7 5. Nf3 O-O 6. O-O d6 7. Nc3 Ne4 8. Nxe4
fxe4 9. Ne1 d5 10. f3 dxc4 11. Be3 c5 12. dxc5 Qxd1 13. Rxd1 Na6 14. Rc1 Nxc5
15. Rxc4 b6 16. fxe4 Ba6 17. Rxf8+ Rxf8 18. Rc2 e5 19. Nd3 Bxd3 20. exd3 Rd8 21.
Bf1 Ne6 22. Kf2 Bc5 23. Bxc5 Nxc5 24. Ke3 Rd4 25. Rf2 Nd7 26. Bh3 Nc5 27. Bf1
Nd7 28. Be2 g6 29. Bd1 Nc5 30. Bc2 Kg7 31. h4 Rd7 32. Rf1 Ne6 33. Bb3 Nd4 34.
Rc1 h5 35. Rc8 Kf6 36. Bd5 Rg7 37. Rf8+ Ke7 38. Ra8 Kf6 39. Rf8+ Ke7 40. Rh8 Kf6
41. a4 Rc7 42. Rf8+ Kg7 43. Rg8+ Kf6 44. Bc4 a6 45. Ra8 a5 46. Rf8+ Kg7 47. Rg8+
Kf6 48. Rf8+ Kg7 49. Re8 Kf6 50. Rd8 Rc6 51. Rd7 g5 52. Rb7 gxh4 53. gxh4 Kg6
54. Re7 Kf6 55. Re8 Nc2+ 56. Kf2 Nd4 57. Rh8 Kg6 58. Rg8+ Kh6 59. Re8 Rf6+ 60.
Kg3 Rg6+ 61. Kf2 Rf6+ 62. Ke1 Rf4 63. Rh8+ Kg6 64. Rg8+ Kh6 65. Rh8+ Kg6 66.
Rg8+ Kh6 1/2-1/2

[Event "CN Equipas 2019 - 1. div"]
[Site "Évora POR"]
[Date "2019.07.15"]
[Round "1.5.3"]
[White "Oratovsky, Michael"]
[Black "Ftacnik, Lubomir"]
[Result "0-1"]
[WhiteElo "2445"]
[BlackElo "2513"]
[WhiteFideId "2802090"]
[BlackFideId "14900017"]
[WhiteTeam "Assembleia Figueirense"]
[BlackTeam "Ax Gaia 'A'"]
[WhiteTitle "GM"]
[BlackTitle "GM"]
[PlyCount "37"]

1. e4 c5 2. Nf3 d6 3. d4 cxd4 4. Nxd4 e6 5. c4 Nf6 6. Nc3 Nbd7 7. g3 a6 8. Bg2
b6 9. b3 Be7 10. Bb2 O-O 11. O-O Bb7 12. Re1 Re8 13. Qc2 Qc7 14. Qd1 Bf8 15. h3
g6 16. Qe2 Rad8 17. Rad1 Qb8 18. Qc2 Bg7 19. Qb1 0-1

[Event "CN Equipas 2019 - 1. div"]
[Site "Évora POR"]
[Date "2019.07.15"]
[Round "1.5.4"]
[White "Sousa, André V"]
[Black "Vasallo, Mauricio"]
[Result "1-0"]
[WhiteElo "2362"]
[BlackElo "2380"]
[WhiteFideId "1917617"]
[BlackFideId "101648"]
[WhiteTeam "Ax Gaia 'A'"]
[BlackTeam "Assembleia Figueirense"]
[WhiteTitle "IM"]
[BlackTitle "IM"]
[PlyCount "119"]
[EventDate "2019.??.??"]

1. e4 e5 2. Nf3 Nc6 3. d4 exd4 4. Nxd4 Bc5 5. Nxc6 Qf6 6. Qf3 bxc6 7. Bd3 Qxf3
8. gxf3 Ne7 9. Be3 Bxe3 10. fxe3 Rb8 11. Nd2 d6 12. Rg1 O-O 13. O-O-O f5 14. Rg5
f4 15. Rdg1 g6 16. exf4 Rxf4 17. Ra5 Ra8 18. b4 Kf8 19. Ba6 Bxa6 20. Rxa6 Ke8
21. Rg4 Rf7 22. Rg3 Kd7 23. Nb3 Rb8 24. a3 Nc8 25. Nd4 Rb6 26. Ra5 Rb7 27. e5
dxe5 28. Rxe5 Re7 29. f4 Nd6 30. Nb3 Rb8 31. Nc5+ Ke8 32. Rh3 Nf7 33. Rxe7+ Kxe7
34. Re3+ Kd6 35. c4 Nd8 36. Re8 a5 37. Nd3 axb4 38. axb4 c5 39. bxc5+ Kd7 40.
Rh8 Nc6 41. Rxh7+ Ke6 42. Rxc7 Nd4 43. Rg7 Kf5 44. Re7 Rb3 45. Kd2 Ra3 46. Re5+
Kf6 47. Rd5 Ne6 48. h4 Ra8 49. h5 gxh5 50. Rxh5 Rb8 51. Ke3 Rd8 52. Rd5 Rc8 53.
Ke4 Ra8 54. f5 Ng5+ 55. Kf4 Nf7 56. Nf2 Ra4 57. Ne4+ Ke7 58. c6 Rxc4 59. f6+ Ke6
60. Rd7 1-0

[Event "CN Equipas 2019 - 1. div"]
[Site "Évora POR"]
[Date "2019.07.16"]
[Round "2.1.1"]
[White "Suarez Gomez, Julio"]
[Black "Kadric, Denis"]
[Result "1/2-1/2"]
[WhiteElo "2429"]
[BlackElo "2562"]
[WhiteFideId "22275991"]
[BlackFideId "14403803"]
[WhiteTeam "O Amanhã da Criança"]
[BlackTeam "Ax Gaia 'A'"]
[WhiteTitle "IM"]
[BlackTitle "GM"]
[PlyCount "68"]

1. e4 c6 2. d4 d5 3. exd5 cxd5 4. Bd3 Nc6 5. c3 Qc7 6. Ne2 Bg4 7. O-O e6 8. Qe1
Nf6 9. Bg5 Bh5 10. f4 Bxe2 11. Qxe2 Bd6 12. Qf2 O-O-O 13. Nd2 Kb8 14. Rac1 h6
15. Bxf6 gxf6 16. Kh1 h5 17. a3 Rhg8 18. Be2 Rg7 19. c4 dxc4 20. Rxc4 Qb6 21.
Ne4 Be7 22. Bxh5 Rh7 23. Bf3 Nxd4 24. h3 Rhh8 25. b4 Qa6 26. Rc3 b6 27. Rd1 Nxf3
28. Rxd8+ Rxd8 29. Qxf3 Rd4 30. f5 e5 31. Kh2 Qb7 32. Re3 Qd7 33. h4 Qd8 34. g3
Qd5 1/2-1/2